[Event "POL-chT 2nd League"]
[Site "Miedzyzdroje"]
[Date "2009.09.20"]
[Round "9"]
[White "Krupa, Monika"]
[Black "Pfranger, Adam"]
[Result "1/2-1/2"]
[WhiteElo "2219"]
[BlackElo "2154"]
[PlyCount "65"]
[EventDate "2009.09.12"]
[EventType "team-swiss"]
[EventRounds "9"]
[EventCountry "POL"]
[SourceTitle "EXT 2019"]
[Source "ChessBase"]
[SourceDate "2018.10.10"]
[SourceVersion "1"]
[SourceVersionDate "2018.10.10"]
[SourceQuality "1"]
[WhiteTeam "Wroclaw KS Polonia"]
[BlackTeam "Czestochowa UKS Hetman"]
[WhiteTeamCountry "POL"]
[BlackTeamCountry "POL"]

1. e4 e5 2. Nf3 d6 3. d4 Nd7 4. Bc4 c6 5. 0-0 Be7 6. Nc3 Ngf6 7. a4 0-0 8. Re1 Qc7 9. Ba2 a6 10. a5 h6 11. h3 Re8 12. Be3 Bf8 13. Nh4 exd4 14. Bxd4 c5 15. Be3 Ne5 16. Nd5 Nxd5 17. Bxd5 Be6 18. Nf5 Bxd5 19. Qxd5 Qc6 20. Qxc6 Nxc6 21. f3 d5 22. exd5 Nb4 23. Rad1 Re5 24. g4 Nxc2 25. Re2 Nxe3 26. Rxe3 Rxe3 27. Nxe3 Bd6 28. Nc4 Rd8 29. Rd3 Bf4 30. d6 f6 31. Rd5 Kf7 32. Rxc5 Ke6 33. Kf2 1/2-1/2

[Event "POL-chT 2nd League"]
[Site "Miedzyzdroje"]
[Date "2009.09.18"]
[Round "7"]
[White "Siedlinski, Piotr"]
[Black "Pfranger, Adam"]
[Result "1/2-1/2"]
[WhiteElo "1958"]
[BlackElo "2154"]
[PlyCount "26"]
[EventDate "2009.09.12"]
[EventType "team-swiss"]
[EventRounds "9"]
[EventCountry "POL"]
[SourceTitle "EXT 2019"]
[Source "ChessBase"]
[SourceDate "2018.10.10"]
[SourceVersion "1"]
[SourceVersionDate "2018.10.10"]
[SourceQuality "1"]
[WhiteTeam "Jaworzno JKSz MCKiS"]
[BlackTeam "Czestochowa UKS Hetman"]
[WhiteTeamCountry "POL"]
[BlackTeamCountry "POL"]

1. e4 e5 2. Nf3 d6 3. d4 Nd7 4. Bc4 c6 5. 0-0 Be7 6. c3 Ngf6 7. dxe5 Nxe5 8. Nxe5 dxe5 9. Qc2 0-0 10. Bg5 Nd7 11. Bxe7 Qxe7 12. Nd2 Nb6 13. Bb3 Be6 1/2-1/2

[Event "POL-chT 2nd League"]
[Site "Miedzyzdroje"]
[Date "2009.09.16"]
[Round "5"]
[White "Pazderski, Ziemowit"]
[Black "Pfranger, Adam"]
[Result "0-1"]
[WhiteElo "2213"]
[BlackElo "2154"]
[PlyCount "86"]
[EventDate "2009.09.12"]
[EventType "team-swiss"]
[EventRounds "9"]
[EventCountry "POL"]
[SourceTitle "EXT 2019"]
[Source "ChessBase"]
[SourceDate "2018.10.10"]
[SourceVersion "1"]
[SourceVersionDate "2018.10.10"]
[SourceQuality "1"]
[WhiteTeam "Zielonka Zieloni"]
[BlackTeam "Czestochowa UKS Hetman"]
[WhiteTeamCountry "POL"]
[BlackTeamCountry "POL"]

1. Nf3 Nf6 2. c4 g6 3. Nc3 Bg7 4. g3 0-0 5. Bg2 d6 6. 0-0 Nc6 7. Rb1 Bf5 8. d3 Qc8 9. Re1 e5 10. Bg5 h6 11. Bxf6 Bxf6 12. Nd5 Bg7 13. b4 Re8 14. Nd2 Ne7 15. Qa4 c6 16. Nc3 Be6 17. Rec1 f5 18. b5 c5 19. Nf1 h5 20. Ne3 Bh6 21. Rf1 Bxe3 22. fxe3 Kg7 23. Rf2 h4 24. gxh4 Rh8 25. Nd5 Nxd5 26. cxd5 Bd7 27. Bf3 a6 28. h5 g5 29. Rg2 Kh6 30. h3 axb5 31. Qc2 Rg8 32. Kf2 Qd8 33. Rh1 Qf6 34. Kg1 Ra4 35. h4 g4 36. e4 f4 37. e3 Raa8 38. Bd1 f3 39. Rg3 b4 40. Qd2 Ba4 41. Bxa4 Rxa4 42. Rh2 b3 43. Qd1 Rxa2 0-1

[Event "POL-chT 2nd League"]
[Site "Ustron"]
[Date "2008.09.12"]
[Round "7.88"]
[White "Pfranger, Adam"]
[Black "Kalinowski, Roman"]
[Result "1/2-1/2"]
[WhiteElo "2161"]
[BlackElo "2225"]
[PlyCount "149"]
[EventDate "2008.09.06"]
[EventType "team-swiss"]
[EventRounds "9"]
[EventCountry "POL"]
[SourceTitle "EXT 2015"]
[Source "ChessBase"]
[SourceDate "2014.11.20"]
[SourceVersion "1"]
[SourceVersionDate "2014.11.20"]
[SourceQuality "1"]
[WhiteTeam "Czestochowa UKS Hetman"]
[BlackTeam "Pultusk Nadnarwianka"]
[WhiteTeamCountry "POL"]
[BlackTeamCountry "POL"]

1. e4 e6 2. d4 d5 3. Nd2 dxe4 4. Nxe4 Bd7 5. Nf3 Bc6 6. Bd3 Nd7 7. 0-0 Ngf6 8. Ng3 Be7 9. Re1 Bxf3 10. Qxf3 c6 11. c3 0-0 12. Bf4 Re8 13. Rad1 Nf8 14. Ne4 Nxe4 15. Qxe4 Qd5 16. a3 Qxe4 17. Bxe4 Bf6 18. Bg3 Ng6 19. Rd3 Red8 20. Red1 Rd7 21. f4 Ne7 22. Bf2 Rad8 23. Kf1 g6 24. Ke2 Kf8 25. g4 Nd5 26. Bg3 Nb6 27. b3 Nc8 28. Bf2 Kg7 29. c4 Be7 30. a4 Bd6 31. Bg3 Ne7 32. Bg2 Bc7 33. Bf1 Rh8 34. Kf3 h5 35. h3 hxg4+ 36. hxg4 Bb6 37. Be1 f6 38. Bc3 Kf7 39. a5 Bc7 40. Bg2 Rh4 41. Be1 Rh8 42. Bc3 Rh4 43. Be1 Rh8 44. a6 b5 45. Bc3 Bb6 46. Bf1 Rhd8 47. R3d2 b4 48. Bxb4 Rxd4 49. Rxd4 Rxd4 50. Rxd4 Bxd4 51. Bd6 Nc8 52. Ba3 g5 53. fxg5 fxg5 54. Ke4 Bf6 55. Bc5 Ke8 56. b4 Kd7 57. Be3 Kc7 58. Be2 Nb6 59. Bf2 Nc8 60. Bg3+ Kd7 61. Kd3 Be7 62. Kc3 c5 63. b5 Bd6 64. Bf2 Be5+ 65. Kd3 Kd6 66. Ke4 Bf4 67. Be1 Nb6 68. Bc3 Kc7 69. Bf6 Nd7 70. Be7 Kc8 71. Bf1 Kc7 72. Be2 Kc8 73. Kd3 Kc7 74. Kc3 Be5+ 75. Kd3 1/2-1/2

[Event "POL-chT 2nd League"]
[Site "Ustron"]
[Date "2008.09.12"]
[Round "6.100"]
[White "Pfranger, Adam"]
[Black "Sron, Przemyslaw"]
[Result "1/2-1/2"]
[WhiteElo "2161"]
[BlackElo "1893"]
[PlyCount "80"]
[EventDate "2008.09.06"]
[EventType "team-swiss"]
[EventRounds "9"]
[EventCountry "POL"]
[SourceTitle "EXT 2015"]
[Source "ChessBase"]
[SourceDate "2014.11.20"]
[SourceVersion "1"]
[SourceVersionDate "2014.11.20"]
[SourceQuality "1"]
[WhiteTeam "Czestochowa UKS Hetman"]
[BlackTeam "Poznan Komandoria"]
[WhiteTeamCountry "POL"]
[BlackTeamCountry "POL"]

1. e4 c5 2. c4 Nc6 3. Nc3 g6 4. g3 Bg7 5. Bg2 Nf6 6. Nge2 0-0 7. 0-0 d6 8. d3 Ne8 9. a3 a6 10. Rb1 Rb8 11. b4 b5 12. cxb5 axb5 13. Be3 cxb4 14. axb4 e5 15. d4 exd4 16. Nxd4 Nxd4 17. Bxd4 Be6 18. Bxg7 Nxg7 19. Qd4 Qb6 20. Rfd1 Qxd4 21. Rxd4 Rb6 22. Bf1 Rfb8 23. Ra1 Bb3 24. Nd5 Bxd5 25. Rxd5 Ne8 26. Ra7 Kf8 27. Kg2 Nf6 28. Rd4 Re8 29. Kf3 Re5 30. Ra8+ Re8 31. Ra5 Re5 32. Kf4 g5+ 33. Kf3 d5 34. exd5 Rxd5 35. Rxd5 Nxd5 36. Rxb5 Rxb5 37. Bxb5 Nxb4 38. Ke4 Ke7 39. Kd4 Kd6 40. h3 f6 1/2-1/2

[Event "Czestochowa YAWAL op"]
[Site "Czestochowa"]
[Date "1994.??.??"]
[Round "7"]
[White "Kocwin, Bartosz"]
[Black "Pfranger, Adam"]
[Result "1/2-1/2"]
[WhiteElo "2270"]
[BlackElo "2000"]
[PlyCount "90"]
[EventDate "1994.??.??"]
[EventType "swiss"]
[EventRounds "9"]
[EventCountry "POL"]
[SourceTitle "EXT 2006"]
[Source "ChessBase"]
[SourceDate "2005.11.24"]
[SourceVersion "1"]
[SourceVersionDate "2005.11.24"]
[SourceQuality "1"]

1. e4 e5 2. Nf3 Nc6 3. Bb5 a6 4. Ba4 Nf6 5. 0-0 Nxe4 6. d4 b5 7. Bb3 d5 8. dxe5 Be6 9. c3 Be7 10. Nbd2 Nxd2 11. Bxd2 Qd7 12. Be3 Rd8 13. h3 0-0 14. Bc2 Bf5 15. a4 Bxc2 16. Qxc2 f6 17. exf6 Rxf6 18. axb5 axb5 19. Nd4 Nxd4 20. Bxd4 Rg6 21. b4 Bd6 22. Qd3 Rf8 23. Rfe1 Qf5 24. Qxf5 Rxf5 25. Ra5 c6 26. Re8+ Rf8 27. Rxf8+ Bxf8 28. Ra8 Kf7 29. Ra7+ Ke8 30. f4 Rg3 31. Kh2 Rd3 32. Be5 d4 33. cxd4 Bxb4 34. Rxg7 Bc3 35. Rxh7 Bxd4 36. Bxd4 Rxd4 37. f5 b4 38. Rb7 c5 39. g4 Rd2+ 40. Kg3 Rd3+ 41. Kh4 b3 42. f6 c4 43. Rb4 Rd8 44. Rxc4 Rb8 45. Rc1 b2 1/2-1/2